00471nam a22001577a 450000500170000001000150001702000250003203500140005703700130007108200100008410000220009424500460011626000360016227000950019830000200029320191121143152.0 aENG-126962 a9789383657490c35.00 aEN-110494 bDBAD/PUB a230.4 aMani, Brij Ranjan aBhakti radicalism / cby Braj Ranjan Mani aNew DelhibCritical Questc2019 a420, G/Block, Phase VI , Aya NagarbNew Delhie110047k9910036543mcriticalquest@gmail.com a40p.c21cm(pbk)